Człowiek teatru
| Titel: | Człowiek teatru : Romuald Matuszewski (26 V 1931-5 V 1994) |
|---|---|
| Verfasser: | |
| In: |
Kalendarz Opolski, (1995), Seite 158 alle Artikel anzeigen |
| Veröffentlicht: | 1995 [1994] |
| Format: | Aufsatz |
| Sprache: | Polnisch |
X
alg: 39464880 001A $01999:12-11-16 001B $01999:01-06-17 $t17:58:13.000 001D $01999:12-11-16 001U $0utf8 001X $00 002@ $0Aox 003@ $0394648803 007A $0394648803 $aHEB 007T $0Herdww003219 010@ $apol 011@ $a1995 $n1995 [1994] 021A $aCzłowiek teatru $dRomuald Matuszewski (26 V 1931-5 V 1994) 027A $aTheatermensch. Romuald Matuszewski (26.05.1931 - 5.05. 1994) 028A $aKosma $dFranciszek 031A $h158 $j1995 039B $aIn $8--Abvc--. Kalendarz Opolski. - Opole, 1960-2001. - ISSN 0453-1299 $x199500000000000842 $9048354449 045T $a7,41 046B $aParallelt.: Theatermensch. Romuald Matuszewski (26.05.1931 - 5.05. 1994) lok: 39464880 78 exp: 39464880 78 1 #EPN 201B/01 $018-11-16 $t12:16:42.000 201U/01 $0utf8 203@/01 $0790759276 208@/01 $a12-11-16 $be 209A/01 $a/ $f000 $x00 220C/01 $aTitelaufnehmer: EW 220C/01 $aHerkunft: IH UWr 220C/01 $aAnmerkung: *uA 244Z/01 $2Trx $#Silesia $#Śląsk $#Sliezsko $#Slezsko $8--Trx--Schlesien $x01 $9391173987 244Z/01 $2Trx $#Poola $#Lenkija $#Polija $#Polen Land $#Poland $#Lengyelország $#Poľsko $#Polsko $8--Trx--Polska$gkraj $x02 $9391345966 244Z/01 $aGeschichte 1931-1994 $x03 244Z/01 $2Trx $8--Trx--Matuszewski, Romuald$Z1931-1994 $x04 $9390707937 244Z/01 $2Trx $#teater $#teatras $#theatre $#színház $#teatr $#divadlo $#divadlo $8--Trx--Theater $x05 $9391363646 244Z/01 $2Trx $8--Trx--Zeitschriftenaufsatz $x06 $9391384341 247C/01 $82080>Marburg/Lahn, Herder-Institut, Forschungsbibliothek, Bibliographieportal $9336309341
| LEADER | 00000caa a22000002c 4500 | ||
|---|---|---|---|
| 001 | 394648803 | ||
| 003 | DE-603 | ||
| 005 | 20170601175813.0 | ||
| 007 | tu | ||
| 008 | 161112s1995 xx |||| | u00||u|pol c | ||
| 035 | |a (DE-599)HEB394648803 | ||
| 040 | |a DE-603 |b ger |c DE-603 |d DE-603 | ||
| 041 | |a pol | ||
| 084 | |a 7,41 |2 ssgn | ||
| 100 | 1 | |a Kosma, Franciszek | |
| 245 | 0 | 0 | |a Człowiek teatru |b Romuald Matuszewski (26 V 1931-5 V 1994) |
| 246 | 0 | 1 | |i Parallelt. |a Theatermensch. Romuald Matuszewski (26.05.1931 - 5.05. 1994) |
| 246 | 1 | 3 | |a Theatermensch. Romuald Matuszewski (26.05.1931 - 5.05. 1994) |
| 264 | 0 | |c 1995 [1994] | |
| 773 | 0 | 8 | |i In |t Kalendarz Opolski |d Opole, 1960-2001 |x 0453-1299 |g (1995), Seite 158 |w (DE-603)048354449 |w (DE-600)975523-8 |
| 924 | 0 | |9 2080 |a (DE-603)790759276 |b DE-2080 |c HES |d d |g / | |


